000 01046cam a2200301 a 4500
001 2974
005 20240126132421.0
020 _a0590992910
040 _aDLC
_cDLC
_dDLC
_beng
050 0 0 _aPZ8.3.B4493
_b1991
082 0 0 _a277
100 1 _aBerenstain, Stan
_d1923-2005.
245 1 4 _aThe Berenstain bears at the super-duper market /
_cStan & Jan Berenstain.
250 _aFirst Scholastic printing, October 1996
260 _aNew York :
_bScholastic ,
_c1991
300 _a23 unnumbered pages :
_bcolor illustrations ;
_c21 cm.
490 _a Berenstain Bears
505 _aH
520 _aIllustrated in full color. In this Berenstain Bear family tour of a neighborhood supermarket, toddlers will find out why they call them supermarkets!
521 _a450
_bLexile
521 _aH
_bRaz-Plus
650 1 _aSupermarkets
_xFiction.
650 1 _aBears
_xFiction.
650 1 _aStories in rhyme.
700 1 _aBerenstain, Jan
_d1923-2012.
906 _a7
_bcbc
_corignew
_d3
_eopcn
_f19
_gy-gencatlg
942 _2ddc
_cBK
_n0
999 _c2974
_d2974